Inflexible working arrangements scare off talented women (Record no. 72867)
[ view plain ]
| 000 -LEADER | |
|---|---|
| fixed length control field | 01257cam a2200205 4500 |
| 001 - CONTROL NUMBER | |
| control field | WB3922-13 |
| 008 - FIXED-LENGTH DATA ELEMENTS--GENERAL INFORMATION | |
| fixed length control field | 030617n2003 000 0 eng u |
| 035 ## - SYSTEM CONTROL NUMBER | |
| System control number | (Sirsi) u122626 |
| 245 ## - TITLE STATEMENT | |
| Title | Inflexible working arrangements scare off talented women |
| 260 ## - PUBLICATION, DISTRIBUTION, ETC. | |
| Date of publication, distribution, etc. | 2003 |
| 490 ## - SERIES STATEMENT | |
| Series statement | RICS Press Release |
| Volume/sequential designation | 9 June 2003 (1) |
| 520 ## - SUMMARY, ETC. | |
| Summary, etc. | In a new report published by RICS - "Raising the ratio: the surveying profession as a career" - it is argued that Britain's businesses are missing out on a huge pool of talent because Britain's working practices alienate women. Inflexible attitudes and working arrangements deter talented women from joining the sector and can drive others out. In a survey of 3 000 property professionals, 70% said they believed that working long hours at the office enhanced their prospects of promotion which reinforced inflexible working cultures. An electronic version is available on the RICS website and the hardcopy is due out in July 2003www.rics.org/includes/listprmoreall.html?faculty=RICS& |
| 590 ## - LOCAL NOTE (RLIN) | |
| Local note | TEST |
| 650 ## - SUBJECT ADDED ENTRY--TOPICAL TERM | |
| Topical term or geographic name entry element | RICS RAISING THE RATIO CAMPAIGN |
| 650 ## - SUBJECT ADDED ENTRY--TOPICAL TERM | |
| Topical term or geographic name entry element | EQUAL OPPORTUNTIES |
| 650 ## - SUBJECT ADDED ENTRY--TOPICAL TERM | |
| Topical term or geographic name entry element | EMPLOYMENT RIGHTS |
| 650 ## - SUBJECT ADDED ENTRY--TOPICAL TERM | |
| Topical term or geographic name entry element | WOMEN |
| 690 ## - LOCAL SUBJECT ADDED ENTRY--TOPICAL TERM (OCLC, RLIN) | |
| Topical term or geographic name as entry element | MANAGEMENT-BUSINESS MANAGEMENT-PROFESSIONAL PRACTICE |
| 942 ## - ADDED ENTRY ELEMENTS (KOHA) | |
| Suppress in OPAC | 0 |
| Withdrawn status | Lost status | Source of classification or shelving scheme | Damaged status | Not for loan | Home library | Current library | Shelving location | Date acquired | Total Checkouts | Full call number | Barcode | Date last seen | Copy number | Price effective from | Koha item type |
|---|---|---|---|---|---|---|---|---|---|---|---|---|---|---|---|
| Dewey Decimal Classification | London | London | News article | 17/06/2003 | WB3922-13 | 122626-1001 | 06/08/2019 | 1 | 06/08/2019 | News article |